Diario del viaje a Italia / (Record no. 187555)

MARC details
000 -LEADER
campo de control de longitud fija 01170nam a2200325 i 4500
001 - NÚMERO DE CONTROL
campo de control 187555
003 - IDENTIFICADOR DE NÚMERO DE CONTROL
campo de control ES-MaACL
005 - FECHA Y HORA DE LA ÚLTIMA TRANSACCIÓN
campo de control 20250707035515.0
008 - DATOS DE LONGITUD FIJA--INFORMACIÓN GENERAL
campo de control de longitud fija 171123s1994 sp b |||| |aspa d
020 ## - NÚMERO INTERNACIONAL ESTÁNDAR DEL LIBRO
Número Internacional Estándar del Libro 84-7444-842-5
080 ## - NÚMERO DE LA CLASIFICACIÓN DECIMAL UNIVERSAL
Número de la Clasificación Decimal Universal 840-992"15"
080 ## - NÚMERO DE LA CLASIFICACIÓN DECIMAL UNIVERSAL
Número de la Clasificación Decimal Universal 914"15"(0:82)
100 1# - ENTRADA PRINCIPAL--NOMBRE DE PERSONA
Nombre de persona Montaigne, Michel de,
Fechas asociadas al nombre 1533-1592
9 (RLIN) 82329
245 10 - MENCIÓN DEL TÍTULO
Título Diario del viaje a Italia /
Mención de responsabilidad, etc. Michel de Montaigne ; edición de José Miguel Marinas y Carlos Thiebaut.
250 ## - MENCION DE EDICION
Mención de edición 1ª ed.
260 ## - PUBLICACIÓN, DISTRIBUCIÓN, ETC.
Lugar de publicación, distribución, etc. [Madrid] :
Nombre del editor, distribuidor, etc. Debate,
Fecha de publicación, distribución, etc. 1994.
300 ## - DESCRIPCIÓN FÍSICA
Extensión LIV, 211 p. :
Otras características físicas 1 mapa ;
Dimensiones 24 cm.
490 1# - MENCIÓN DE SERIE
Mención de serie Clásicos del pensamiento
500 ## - NOTA GENERAL
Nota general Índice.
504 ## - NOTA DE BIBLIOGRAFÍA, ETC.
Nota de bibliografía, etc. Bibliografía: p. LI-LIV.
546 ## - NOTA DE IDIOMA
Nota de lengua/lenguaje Texto en francés y traducción en español.
651 #4 - PUNTO DE ACCESO ADICIONAL DE MATERIA--NOMBRE GEOGRÁFICO
Nombre geográfico Europa-
Subdivisión general Descripción.
9 (RLIN) 8594
700 1# - ENTRADA AGREGADA--NOMBRE PERSONAL
Nombre de persona Marinas, José Miguel.
9 (RLIN) 76830
700 1# - ENTRADA AGREGADA--NOMBRE PERSONAL
Nombre de persona Thiebaut, Carlos.
9 (RLIN) 109931
830 00 - PUNTO DE ACCESO ADICIONAL DE SERIE-TÍTULO UNIFORME
Título uniforme Clásicos del pensamiento
9 (RLIN) 177261
852 ## - LOCALIZACIÓN
Ubicación ES-MaACL
Número de control de estantería A-14040
itemnumber 194641
Sublocalización o colección R.151591
Ubicación en estantería Depósito 1
Signatura antigua Olim: N-7040
Donativo/Legado Donación: Roberta Ann Quance
903 ## - NOMBRE PERSONAL DE DONANTE
9 94482
a Quance, Roberta Ann
e Donante
942 ## - ELEMENTOS DE ENTRADA SECUNDARIOS (KOHA)
Fuente del sistema de clasificación o colocación Clasificación decimal universal
Tipo de ítem Koha Libro impreso
Holdings
Estatus retirado Estado de pérdida Fuente del sistema de clasificación o colocación Estado de daño No para préstamo Biblioteca de origen Biblioteca actual Ubicación en estantería Fecha de adquisición Fuente de adquisición Total de préstamos Signatura topográfica completa Código de barras Visto por última vez Precio de reemplazo Tipo de ítem Koha
    Clasificación decimal universal     Biblioteca del Ateneo de Madrid Biblioteca del Ateneo de Madrid Depósito 1 23/11/2017 Donación   A-14040 1198094 23/02/2023 23/02/2023 Libro impreso